|
|
|
|
| LEADER |
01488nam a22004094a 4500 |
| 001 |
EBC3007624 |
| 003 |
MiAaPQ |
| 005 |
20200520144314.0 |
| 006 |
m o d | |
| 007 |
cr cn||||||||| |
| 008 |
070222s2006 ncu sb 000 0 eng |
| 010 |
|
|
|z 2007271986
|
| 020 |
|
|
|z 9781932973693
|
| 020 |
|
|
|z 1882197941
|
| 035 |
|
|
|a (MiAaPQ)EBC3007624
|
| 035 |
|
|
|a (Au-PeEL)EBL3007624
|
| 035 |
|
|
|a (CaPaEBR)ebr10193835
|
| 035 |
|
|
|a (CaONFJC)MIL100140
|
| 035 |
|
|
|a (OCoLC)228173977
|
| 040 |
|
|
|a MiAaPQ
|c MiAaPQ
|d MiAaPQ
|
| 050 |
|
4 |
|a HD30.3
|b .H667 2006
|
| 082 |
0 |
4 |
|a 658.4/5
|2 22
|
| 100 |
1 |
|
|a Hoppe, Michael H.
|
| 245 |
1 |
0 |
|a Active listening
|h [electronic resource] :
|b improve your ability to listen and lead /
|c Michael H. Hoppe.
|
| 260 |
|
|
|a Greensboro, N.C. :
|b Center for Creative Leadership,
|c c2006.
|
| 300 |
|
|
|a 32 p.
|
| 490 |
1 |
|
|a An ideas into action guidebook
|
| 500 |
|
|
|a "CCL no. 430"--T.p. verso.
|
| 500 |
|
|
|a At head of title on cover: For the practicing manager.
|
| 504 |
|
|
|a Includes bibliographical references.
|
| 533 |
|
|
|a Electronic reproduction. Ann Arbor, MI : ProQuest, 2015. Available via World Wide Web. Access may be limited to ProQuest affiliated libraries.
|
| 650 |
|
0 |
|a Communication in management.
|
| 650 |
|
0 |
|a Listening.
|
| 655 |
|
4 |
|a Electronic books.
|
| 710 |
2 |
|
|a ProQuest (Firm)
|
| 830 |
|
0 |
|a Ideas into action guidebooks.
|
| 856 |
4 |
0 |
|u https://ebookcentral.proquest.com/lib/matrademy/detail.action?docID=3007624
|z Click to View
|